Sports Quiz

Random Sports or Baseball Quiz
Score 0/290 Timer 20:00
0 Plays Today
Year Player % Correct
1991Barry Bonds (8.0)
97.8%
1992Barry Bonds (9.0)
97.8%
1993Barry Bonds (9.9)
97.8%
1994Barry Bonds (6.2)
97.8%
1995Barry Bonds (7.5)
97.8%
1996Barry Bonds (9.7)
97.8%
1997Barry Bonds (8.2)
97.8%
1998Barry Bonds (8.1)
97.8%
2000Barry Bonds (7.7)
97.8%
2001Barry Bonds (11.9)
97.8%
2001Albert Pujols (6.6)
97.8%
2002Barry Bonds (11.7)
97.8%
2002Bobby Abreu & Chipper Jones & Sammy Sosa (5.8)
97.8%
2003Barry Bonds (9.2)
97.8%
2003Albert Pujols (8.7)
97.8%
2004Barry Bonds (10.6)
97.8%
2004Albert Pujols (8.5)
97.8%
2005Albert Pujols (8.4)
97.8%
2006Albert Pujols (8.5)
97.8%
2007Albert Pujols (8.7)
97.8%
2008Albert Pujols (9.2)
97.8%
2009Albert Pujols (9.7)
97.8%
2010Albert Pujols (7.5)
97.8%
2011Albert Pujols (5.3)
97.8%
1994Craig Biggio (4.6)
97%
1995Craig Biggio (6.3)
97%
1996Chipper Jones (6.2)
97%
1997Craig Biggio (9.4)
97%
1998Andruw Jones (7.4)
97%
1998Chipper Jones (7.1)
97%
1998Craig Biggio (6.5)
97%
1999Andruw Jones (7.1)
97%
1999Chipper Jones (6.9)
97%
2000Todd Helton (8.9)
97%
2000Andruw Jones (8.2)
97%
2001Todd Helton (7.8)
97%
2002Andruw Jones (6.5)
97%
2002Todd Helton (6.3)
97%
2003Todd Helton (6.3)
97%
2004Todd Helton (8.3)
97%
2005Andruw Jones (6.7)
97%
2005Brian Giles & Jimmy Rollins (4.9)
97%
2006Andruw Jones (5.6)
97%
2007David Wright (8.3)
97%
2007Chipper Jones (7.6)
97%
2008Chipper Jones (7.3)
97%
2008David Wright (6.9)
97%
2009Ryan Braun (6.2)
97%
2010Joey Votto (7.0)
97%
2010Ryan Braun (5.7)
97%
2011Ryan Braun (7.7)
97%
2011Joey Votto (6.6)
97%
2011Andrew McCutchen (5.4)
97%
2012Buster Posey (7.6)
97%
2012David Wright (7.1)
97%
2012Ryan Braun (6.9)
97%
2012Andrew McCutchen (6.9)
97%
2012Joey Votto (5.9)
97%
2013Andrew McCutchen (7.8)
97%
2013Joey Votto (6.6)
97%
2013Paul Goldschmidt (6.3)
97%
2013Buster Posey (5.3)
97%
2014Andrew McCutchen (6.4)
97%
2015Paul Goldschmidt (8.3)
97%
2015Joey Votto (7.8)
97%
2015Buster Posey (6.0)
97%
2016Paul Goldschmidt (5.0)
97%
2017Joey Votto (8.1)
97%
2017Paul Goldschmidt (6.4)
97%
2018Paul Goldschmidt (6.2)
97%
1993Jay Bell (6.2)
96.3%
2007Troy Tulowitzki (6.8)
96.3%
2009Troy Tulowitzki (6.5)
96.3%
2010Troy Tulowitzki (6.7)
96.3%
2011Troy Tulowitzki (6.2)
96.3%
2012Yadier Molina (7.2)
96.3%
2013Yadier Molina (6.2)
96.3%
2013Freddie Freeman (5.3)
96.3%
2014Giancarlo Stanton (6.5)
96.3%
2014Troy Tulowitzki (5.8)
96.3%
2015Kris Bryant (5.3)
96.3%
2016Kris Bryant (7.3)
96.3%
2016Freddie Freeman (6.3)
96.3%
2017Giancarlo Stanton (8.0)
96.3%
2017Kris Bryant (5.6)
96.3%
2018Freddie Freeman (5.6)
96.3%
1993Jeff Bagwell (5.4)
95.6%
1994Jeff Bagwell (8.2)
95.6%
1995Jeff Bagwell (4.9)
95.6%
1996Jeff Bagwell (7.5)
95.6%
1997Jeff Bagwell (7.7)
95.6%
1999Jeff Bagwell (7.4)
95.6%
2005Chase Utley (7.3)
95.6%
2006Chase Utley (7.3)
95.6%
2007Chase Utley (7.8)
95.6%
2007Jimmy Rollins (6.1)
95.6%
2008Chase Utley (9.0)
95.6%
Year Player % Correct
2008Brian McCann & Jimmy Rollins (5.5)
95.6%
2009Chase Utley (8.2)
95.6%
2010Chase Utley (5.8)
95.6%
2014Anthony Rizzo (5.6)
95.6%
2015Bryce Harper (9.7)
95.6%
2015Anthony Rizzo (6.4)
95.6%
2015Nolan Arenado (6.3)
95.6%
2016Nolan Arenado (5.9)
95.6%
2016Anthony Rizzo (5.8)
95.6%
2017Nolan Arenado (6.6)
95.6%
2018Christian Yelich (7.3)
95.6%
2018Nolan Arenado (5.9)
95.6%
2019Cody Bellinger (9.1)
95.6%
2019Christian Yelich (7.0)
95.6%
2019Nolan Arenado (6.7)
95.6%
2007Aramis Ramirez (5.3)
94.8%
2008Hanley Ramirez (6.7)
94.8%
2009Hanley Ramirez (7.4)
94.8%
2012Aramis Ramirez (5.6)
94.8%
2014Anthony Rendon (6.5)
94.8%
2017Anthony Rendon (6.0)
94.8%
2018Anthony Rendon (4.8)
94.8%
2019Anthony Rendon (6.4)
94.8%
1992Larry Walker (5.4)
94.1%
1994Larry Walker (4.7)
94.1%
1997Larry Walker (9.8)
94.1%
2001Larry Walker (7.8)
94.1%
2002Larry Walker (6.1)
94.1%
1998Vladimir Guerrero (7.4)
93.3%
1999Luis Gonzalez (6.4)
93.3%
2001Luis Gonzalez (7.9)
93.3%
2001Lance Berkman (6.5)
93.3%
2002Vladimir Guerrero (7.1)
93.3%
2004Lance Berkman (6.0)
93.3%
2006Lance Berkman (6.0)
93.3%
2008Lance Berkman (6.9)
93.3%
2009Adrian Gonzalez (6.9)
93.3%
2010Carlos Gonzalez (5.9)
93.3%
1995Sammy Sosa (5.3)
92.6%
1998Sammy Sosa (6.5)
92.6%
2001Sammy Sosa (10.3)
92.6%
2011Matt Kemp (8.0)
92.6%
2016Justin Turner (5.0)
92.6%
2017Justin Turner (5.6)
92.6%
2018Javier Baez (5.8)
92.6%
2018Justin Turner (4.9)
92.6%
2019Javier Baez (6.0)
92.6%
1991Barry Larkin (6.1)
91.9%
1992Barry Larkin (5.6)
91.9%
1994Barry Larkin (4.0)
91.9%
1995Barry Larkin (5.9)
91.9%
1996Barry Larkin (7.2)
91.9%
2009Ryan Zimmerman (7.3)
91.9%
2010Ryan Zimmerman (6.2)
91.9%
2018Trevor Story 5.6)
91.9%
2019Trevor Story (6.1)
91.9%
1991Ryne Sandberg (7.0)
91.1%
1992Ryne Sandberg (7.8)
91.1%
2000Jeff Kent (7.2)
91.1%
2002Jeff Kent (7.1)
91.1%
2019Ronald Acuna Jr. (5.7)
91.1%
1993Mike Piazza (7.0)
90.4%
1995Mike Piazza (6.2)
90.4%
1997Mike Piazza (8.7)
90.4%
2007Matt Holliday (6.0)
90.4%
2008Matt Holliday (5.9)
90.4%
2010Matt Holliday (5.9)
90.4%
2013Matt Carpenter (6.6)
89.6%
2015Brandon Crawford (5.8)
89.6%
2016Brandon Crawford (5.5)
89.6%
2017Charlie Blackmon (5.5)
89.6%
2018Matt Carpenter (4.9)
89.6%
1991Tony Gwynn (5.7)
88.9%
1994Tony Gwynn (4.2)
88.9%
2005Derrek Lee (7.7)
88.9%
2006Jose Reyes (5.9)
88.9%
2009Derrek Lee (5.4)
88.9%
2017Marcell Ozuna (5.7)
88.9%
1998Mark McGwire (7.5)
88.1%
2009Prince Fielder (6.3)
88.1%
2011Pablo Sandoval (6.0)
87.4%
1998Scott Rolen (6.7)
86.7%
2002Scott Rolen (6.4)
86.7%
2004Scott Rolen (9.2)
86.7%
2006Carlos Beltran (8.2)
86.7%
2006Scott Rolen (5.9)
86.7%
2007Carlos Beltran (5.4)
86.7%
2008Carlos Beltran (7.0)
86.7%
2016Corey Seager (5.2)
86.7%
2019Max Muncy (5.7)
85.9%
2000Jim Edmonds (6.3)
85.2%
2002Jim Edmonds (6.7)
85.2%
2003Jim Edmonds (6.0)
85.2%
2004Jim Edmonds (7.2)
85.2%
2007Russell Martin (5.6)
85.2%
2014Russell Martin (5.7)
85.2%
2019Josh Donaldson (6.0)
85.2%
Year Player % Correct
2019Ketel Marte (7.2)
84.4%
1991Brett Butler & Ozzie Smith (5.1)
83.7%
2010Jason Heyward (6.4)
83%
2012Jason Heyward (5.5)
83%
2014Jason Heyward (5.5)
83%
2015Jason Heyward (6.9)
83%
2011Hunter Pence (5.7)
82.2%
2018Lorenzo Cain (6.7)
82.2%
2004Adrian Beltre (9.6)
81.5%
2005Miguel Cabrera (5.2)
81.5%
2006Miguel Cabrera (5.8)
81.5%
2014Jonathan Lucroy (6.4)
81.5%
1999Brian Giles (6.7)
80.7%
2000Brian Giles (6.4)
80.7%
2003Marcus Giles (7.9)
80.7%
1999Bobby Abreu (6.1)
79.3%
2000Bobby Abreu (6.2)
79.3%
2003Bobby Abreu (5.4)
79.3%
2004Bobby Abreu (6.6)
79.3%
1991Matt Williams (5.5)
78.5%
1992Gary Sheffield (6.2)
78.5%
1993Matt Williams (5.8)
78.5%
1994Matt Williams (4.7)
78.5%
1996Ken Caminiti (7.6)
78.5%
1996Gary Sheffield (5.9)
78.5%
2000Gary Sheffield (6.1)
78.5%
2003Gary Sheffield (6.8)
78.5%
2012Chase Headley (6.4)
77%
1991Will Clark (6.2)
76.3%
2003Javy Lopez (6.8)
76.3%
2015A.J. Pollock (6.9)
76.3%
2001Shawn Green (7.0)
74.8%
2002Shawn Green (7.0)
74.8%
2006Alfonso Soriano (6.1)
74.8%
2013Carlos Gomez (7.6)
74.1%
2016DJ LeMahieu (5.3)
74.1%
1993Lenny Dykstra (6.6)
72.6%
1996Lance Johnson (7.2)
72.6%
2005Rafael Furcal (6.5)
72.6%
2011Shane Victorino (5.5)
72.6%
1991Terry Pendleton (6.1)
71.9%
2011Justin Upton (5.5)
71.9%
2013Andrelton Simmons (5.8)
71.9%
1994Fred McGriff (4.6)
71.1%
1995Mark Grace (5.0)
68.1%
1992Darren Daulton (6.9)
66.7%
1994Moises Alou (5.1)
66.7%
2003Edgar Renteria (5.6)
65.9%
2001Rich Aurilia (6.7)
65.2%
1998John Olerud (7.6)
64.4%
1999John Olerud & Kevin Young (5.6)
64.4%
1992Marquis Grissom (5.5)
63.7%
1994Marquis Grissom (5.1)
63.7%
1996Ellis Burks (7.9)
63.7%
1992Andy Van Slyke (6.0)
63%
2005Jason Bay (5.7)
63%
2005Morgan Ensberg (6.3)
62.2%
2014Jhonny Peralta (5.8)
62.2%
1993Ron Gant (6.5)
60%
1997Edgardo Alfonzo (6.2)
60%
1999Edgardo Alfonzo (6.0)
60%
2000Edgardo Alfonzo (6.4)
60%
2010Aubrey Huff (5.7)
58.5%
2000Richard Hidalgo (6.3)
57.8%
2003Richard Hidalgo (5.7)
57.8%
1997Jeff Blauser & Rondell White (4.8)
57%
2009Michael Bourn (5.0)
57%
2012Michael Bourn (6.0)
57%
1995Reggie Sanders (6.6)
55.6%
2004J.D. Drew (8.3)
55.6%
1997Ray Lankford (5.3)
54.8%
1991Steve Finley (5.2)
53.3%
1992Steve Finley (5.7)
53.3%
1996Steve Finley (5.8)
53.3%
1999Robin Ventura (6.7)
53.3%
2016Jean Segura (6.4)
52.6%
1991Robby Thompson (5.2)
50.4%
1993Robby Thompson (6.3)
50.4%
1993Jeff Blauser (5.7)
50.4%
1997Kenny Lofton (5.0)
48.9%
1995Raul Mondesi (4.8)
48.1%
1997Raul Mondesi (5.7)
48.1%
1996Bernard Gilkey (8.1)
47.4%
2008Ryan Ludwick (5.5)
43.7%
2014Josh Harrison (5.6)
43%
1995Brian Jordan (5.2)
40.7%
1998Brian Jordan (7.0)
40.7%
2017Tommy Pham (6.2)
40.7%
2001Cliff Floyd (6.6)
39.3%
2004Mark Loretta (6.0)
35.6%
1992Dave Hollins (6.1)
34.8%
2006Bill Hall (5.8)
33.3%
1993Rick Wilkins (6.6)
30.4%
2005Craig Counsell (5.5)
22.2%
2013Gerardo Parra (5.3)
21.5%
1999Carl Everett (5.8)
17%
Remove Ads.
Support Sporcle.
Get the best of Sporcle when you Go Orange. This ad-free experience offers more features, more stats, and more fun while also helping to support Sporcle. Thank you for becoming a member.

You're not logged in!

Compare scores with friends on all Sporcle quizzes.
OR
Log In

Sporcle TV

Today on Sporcle TV


Watch our educational content, quiz creation guides, and fun videos on Sporcle TV.

Show Comments

Extras

Top Quizzes Today


Score Distribution

Paid Content

Your Account Isn't Verified!

In order to create a playlist on Sporcle, you need to verify the email address you used during registration. Go to your Sporcle Settings to finish the process.

Report this User

Report this user for behavior that violates our Community Guidelines.

Details: